000 00456nam a2200145Ia 4500
003 OSt
005 20260129110253.0
008 211028s2018 xx 000 0 und d
040 _cAIMIT LIBRARY
041 _aeng
100 _aPinto, Joyster Maxwel; Suresh, Rajani.
_g1616077
_97833
245 _aStudy on customer retention with special reference to rollers international LLP Mangalore /
260 _aMangalore
_bRajani Suresh.
_c2018
942 _2ddc
_cPRO
999 _c219401
_d219401